000 00800nam a22001577a 4500
003 OSt
005 20160224153959.0
008 160224b xxu||||| |||| 00| 0 eng d
040 _cRUA
082 _aVEM NET 2014 B434 Or.1
100 _97436
_aNET PHALLY; ណែត ផល្លី
245 _aStudy on cholera disease of khaki campbell and their antibodies through ha and hi-test at royal university of agriculture; សិក្សាពីជំងឺអាសន្នរោគរបស់ទាកាគីកាំបែល និងអង់ទីគ័ររបស់វាតាមរយះ HA និង HI-test នៅសាកលវិទ្យាល័យភូមិន្ទកសិកម្ម
260 _aPhnom Penh
_bRUA
_c2014
300 _ax;41p.
_bill.
_c29cm.
942 _2ddc
_cVEM
999 _c7022
_d7022